Aktuálny pohľad na vývoj úverov a vkladov v SR Príloha Hospodárskych novín

Úvery poskytnuté jednotlivým sektorom a odvetviam v SR. Zmena stavu úverov a vkladov v r. 1995. Štruktúra úverov v ekonomických sektoroch. Stav úverov vo vybraných odvetviach k 31.12.1996.

Salvato in:
Dettagli Bibliografici
Natura: Capitolo di libro
Lingua:slovacco
Soggetti:
Tags: Aggiungi Tag
Nessun Tag, puoi essere il primo ad aggiungerne!!

MARC

LEADER 00000naa a2200000 4500
001 r020744
005 20230801103313.7
041 0 |a slo 
044 |a SK 
245 1 0 |a Aktuálny pohľad na vývoj úverov a vkladov v SR  |b Príloha Hospodárskych novín 
520 |a Úvery poskytnuté jednotlivým sektorom a odvetviam v SR. Zmena stavu úverov a vkladov v r. 1995. Štruktúra úverov v ekonomických sektoroch. Stav úverov vo vybraných odvetviach k 31.12.1996. 
610 2 0 |a Slovensko 
610 2 0 |a 1995 
610 2 0 |a úver 
610 2 0 |a vklady 
610 2 0 |a sektory hospodárske